Catálogo público

Efecto del lavado de la cuajada sobre las propiedades texturales y reológicas de un queso de pasta semidura (Queso tipo manchego mexicano) / (Record no. 178490)

MARC details
000 -CABECERA
campo de control de longitud fija 04353nam a2200529Ia 4500
001 - NÚMERO DE CONTROL
campo de control dia_7287
003 - IDENTIFICADOR DEL NÚMERO DE CONTROL
campo de control CHAP
005 - FECHA Y HORA DE LA ÚLTIMA TRANSACCIÓN
campo de control 20241121181835.0
007 - CAMPO FIJO DE DESCRIPCIÓN FÍSICA--INFORMACIÓN GENERAL
campo de control de longitud fija ta
008 - DATOS DE LONGITUD FIJA--INFORMACIÓN GENERAL
campo de control de longitud fija 220117s2008 mx ad frm 001 0 spa d
010 ## - NÚMERO DE CONTROL DE LA BIBLIOTECA DEL CONGRESO
Número de control de LC 178490
040 ## - FUENTE DE LA CATALOGACIÓN
Centro/agencia transcriptor CHAP
Centro catalogador/agencia de origen mxchpua
Normas de descripción rda
041 0# - CÓDIGO DE LENGUA
Código de lengua del texto/banda sonora o título independiente spa
Código de lengua del sumario o resumen eng
090 ## - LOCALMENTE ASIGNADO TIPO-LC NÚMERO DE CLASIFICACIÓN (OCLC); NÚMERO DE CLASIFICACIÓN LOCAL (RLIN)
Número de clasificación (OCLC) (R) ; Numero de clasificación, CALL (RLIN) (NR) Tesis
Número cutter local (OCLC) ; Número de libro/Signatura topográfica íntegra, CALL (RLIN) E83
año 2008
100 1# - ENTRADA PRINCIPAL--NOMBRE DE PERSONA
Nombre de persona Escorza Pérez, Francisco
240 10 - TÍTULO UNIFORME
Título uniforme Efect of the washing of curd on the textural and rheological properties of semihard cheese (Mexican Manchego Cheese).
Lenguaje de la obra Español
245 10 - MENCIÓN DE TÍTULO
Título Efecto del lavado de la cuajada sobre las propiedades texturales y reológicas de un queso de pasta semidura (Queso tipo manchego mexicano) /
Mención de responsabilidad, etc. Francisco Escorza Pérez
264 ## - PRODUCCIÓN, PUBLICACIÓN, DISTRIBUCIÓN, FABRICACIÓN Y COPYRIGHT
Producción, publicación, distribución, fabricación y copyright Chapingo, México :
Nombre del de productor, editor, distribuidor, fabricante El autor,
Fecha de producción, publicación, distribución, fabricación o copyright 2008
300 ## - DESCRIPCIÓN FÍSICA
Extensión xi, 125 hojas :
Otras características físicas ilustraciones, gráficas, diagramas
336 ## - TIPO DE CONTENIDO
Fuente rdacontent
Término de tipo de contenido texto
Código de tipo de contenido txt
337 ## - TIPO DE MEDIO
Fuente rdamedia
Nombre/término del tipo de medio no mediado
Código del tipo de medio n
338 ## - TIPO DE SOPORTE
Fuente rdacarrier
Nombre/término del tipo de soporte volumen
Código del tipo de soporte nc
502 ## - NOTA DE TESIS
Nota de tesis Tesis
Tipo de título (Maestro en Ciencias en Ciencia y Tecnología Agroalimentaria) --
Nombre de la institución que otorga el título UACh. Departamento de Ingeniería Agroindustrial,
Año de obtención del título 2008
504 ## - NOTA DE BIBLIOGRAFÍA, ETC.
Nota de bibliografía, etc. Bibliografía: hojas 108-122
520 3# - SUMARIO, ETC.
Sumario, etc. Se estudió la composición química, estado fisicoquímico, comportamiento reológico y textural de quesos tipo Manchego mexicano preparados a tres niveles de lavado de cuajada (0, 25 y 50%), con trabajo del grano a dos periodos (20 y 40 min). El estado fisicoquímico, comportamiento reológico y textura se observaron a diferentes periodos (7, 15, 30 y 60 días). El lavado de la cuajada propició aumento significativo (P?0.05) del contenido de humedad y NaCl, así como, la pérdida parcial de calcio y fósforo en el queso. Los quesos de pasta lavada mostraron pH y tasas de proteólisis significativamente mayores (P?0.05). Quesos de pasta lavada mostraron menores valores significativos (P?0.05) de firmeza y resiliencia, contrario a los de cohesividad. Los quesos con nulo o bajo nivel de lavado (0 y 25%) mostraron incremento significativo (P?0.05) del esfuerzo para los módulos de almacenamiento (G') y pérdida (G''), contrapuesto a una ligera disminución a un nivel mayor (50%). El lavado de la cuajada propició aumento significativo de la zona viscoelástica lineal en G' y G'' descrita como una función del porcentaje de deformación. --
520 3# - SUMARIO, ETC.
Sumario, etc. The chemical composition, physicochemical state, rheological and textural behavior of Mexican Manchego cheeses prepared using three levels of curd washing at 0%, 25% and 50%, along with the working of the grain were studied during two periods (20 min and 40 min). The physicochemical state and rheological and textural behaviors were observed on different days (7, 15, 30 and 60 days). The washing of the curd propitiated a significant increase (P?0.05) in the moisture and NaCl contents, as well as the partial loss of calcium and phosphorus in the cheese. Cheeses with washed curd showed significantly higher pH and proteolysis rates (P?0.05). Cheeses with washed curd showed significantly lower values (P?0.05) of firmness and resilience, while the opposite occurred in their level of cohesiveness. Cheeses with no or a low amount of wash (0% and 25%) showed a significant increase (P?0.05) of stress for the storage modules (G') and loss (G "), opposed to a slight decrease at higher level (50%) of washing. The washing of the curd propitiated a significant increase of the lineal viscoelastic zone in G' y G'' described as a function deformation percentage.
650 13 - PUNTO DE ACCESO ADICIONAL DE MATERIA--TÉRMINO DE MATERIA
Término de materia o nombre geográfico como elemento de entrada Evaluación sensorial de los alimentos
Fuente del encabezamiento o término atg
650 13 - PUNTO DE ACCESO ADICIONAL DE MATERIA--TÉRMINO DE MATERIA
Término de materia o nombre geográfico como elemento de entrada Maduración del queso
Fuente del encabezamiento o término atg
650 13 - PUNTO DE ACCESO ADICIONAL DE MATERIA--TÉRMINO DE MATERIA
Término de materia o nombre geográfico como elemento de entrada Propiedades de cuajado
Fuente del encabezamiento o término atg
650 13 - PUNTO DE ACCESO ADICIONAL DE MATERIA--TÉRMINO DE MATERIA
Término de materia o nombre geográfico como elemento de entrada Quesos
Fuente del encabezamiento o término atg
650 13 - PUNTO DE ACCESO ADICIONAL DE MATERIA--TÉRMINO DE MATERIA
Término de materia o nombre geográfico como elemento de entrada Quesos
Subdivisión general Control de calidad
Fuente del encabezamiento o término atg
650 13 - PUNTO DE ACCESO ADICIONAL DE MATERIA--TÉRMINO DE MATERIA
Término de materia o nombre geográfico como elemento de entrada Cheese ripening
Fuente del encabezamiento o término atg
650 13 - PUNTO DE ACCESO ADICIONAL DE MATERIA--TÉRMINO DE MATERIA
Término de materia o nombre geográfico como elemento de entrada Cheeses
Fuente del encabezamiento o término atg
650 13 - PUNTO DE ACCESO ADICIONAL DE MATERIA--TÉRMINO DE MATERIA
Término de materia o nombre geográfico como elemento de entrada Cheeses
Subdivisión general Quality control
Fuente del encabezamiento o término atg
650 13 - PUNTO DE ACCESO ADICIONAL DE MATERIA--TÉRMINO DE MATERIA
Término de materia o nombre geográfico como elemento de entrada Renneting properties
Fuente del encabezamiento o término atg
650 13 - PUNTO DE ACCESO ADICIONAL DE MATERIA--TÉRMINO DE MATERIA
Término de materia o nombre geográfico como elemento de entrada Sensory evaluation
Fuente del encabezamiento o término atg
700 1# - PUNTO DE ACCESO ADICIONAL--NOMBRE DE PERSONA
Nombre de persona Santos Moreno, Armando
Término indicativo de función/relación director
700 1# - PUNTO DE ACCESO ADICIONAL--NOMBRE DE PERSONA
Nombre de persona Aguirre Mandujano, Eleazar
Término indicativo de función/relación asesor
700 1# - PUNTO DE ACCESO ADICIONAL--NOMBRE DE PERSONA
Nombre de persona Hernández Montes, Arturo
Término indicativo de función/relación asesor
856 41 - LOCALIZACIÓN Y ACCESO ELECTRÓNICOS
Identificador Uniforme del Recurso <a href="http://10.13.5.2/tesis/106918.pdf">http://10.13.5.2/tesis/106918.pdf</a>
Texto de enlace DESCARGAR PDF
901 ## - ELEMENTOS DE DATOS A LOCAL LDA (RLIN)
a TESIS E83 2008
942 ## - ELEMENTOS DE PUNTO DE ACCESO ADICIONAL (KOHA)
Tipo de ítem Koha TESIS
Fuente del sistema de clasificación o colocación Clasificación Universidad Autónoma Chapingo
902 ## - ELEMENTOS DE DATOS B LOCAL, LDB (RLIN)
a M
905 ## - ELEMENTOS DE DATOS E LOCAL, LDE (RLIN)
a 5232272008 mx nm 8223123322spa16
Holdings
Estado de retiro Estado de pérdida Fuente del sistema de clasificación o colocación Estado dañado Restricciones de uso No para préstamo Código de colección Localización permanente Ubicación/localización actual Fecha de adquisición Fuente de adquisición Total de préstamos Signatura topográfica completa Código de barras Fecha visto por última vez Fecha del último préstamo Número de copia Tipo de ítem Koha Ubicación en estantería Precio válido a partir de
    Clasificación Universidad Autónoma de Chapingo   Préstamo 5 días   Tesis Ingenieria Agroindustrial Ingenieria Agroindustrial 10/12/2024 El autor 1 Tesis E83 2008 1101011922 02/02/2026 10/12/2024 Ej. 2 Tesis    
    Clasificación Universidad Autónoma de Chapingo   Préstamo interno   Tesis Ingenieria Agroindustrial Ingenieria Agroindustrial 18/01/2022 El autor   Tesis E83 2008 1101011921 02/02/2026   Ej. 1 Tesis    
    Clasificación Universidad Autónoma de Chapingo       Tesis digitales de Maestría Ingenieria Agroindustrial Ingenieria Agroindustrial 21/11/2024 El autor     1201011921 21/11/2024     Tesis digital En línea 21/11/2024